Kedvezményből jövő? - A magánszemélyek adótervezése államilag támogatott megtakarítási és befektetési formákon keresztül

Bibliográfiai részletek
Szerző: Aranyi Benjamin
További közreműködők: Tóth Orsolya Éva
Dokumentumtípus: Diplomadolgozat
Kulcsszavak:adótervezés
állampapír
egészségpénztár(ak)
NYESZ
nyugdíjbiztosítás
önkéntes kölcsönös biztosítópénztárak
önkéntes nyugdíjpénztárak
önsegélyező pénztár
TBSZ
Online Access:http://dolgozattar.uni-bge.hu/60358

MARC

LEADER 00000nta a2200000 i 4500
001 dolg60358
005 20260409150459.0
008 260409suuuu hu om 000 hun d
040 |a BGE Dolgozattár Repozitórium  |b hun 
041 |a hu 
100 1 |a Aranyi Benjamin 
245 1 0 |a Kedvezményből jövő? - A magánszemélyek adótervezése államilag támogatott megtakarítási és befektetési formákon keresztül  |c Aranyi Benjamin  |h [elektronikus dokumentum] 
520 3 |a A szakdolgozat az államilag támogatott, adózási szempontból kedvező megtakarítási és befektetési formákat vizsgálja, mint például a lakossági állampapírok, a tartós befektetési számla (TBSZ), a nyugdíjbiztosítás, az önkéntes nyugdíjpénztár (ÖNYP), az egészség- és önsegélyező pénztárak, valamint a nyugdíj-előtakarékossági számla (NYESZ). A téma elméleti és gyakorlati oldalról kerül bemutatásra, esettanulmányokra és kérdőíves kutatásra támaszkodva. A kutatás célja feltárni, hogy az adókedvezmények milyen mértékben ösztönzik a lakossági megtakarítást, mennyire hatékonyak a gyakorlatban, és milyen akadályok gátolják a teljes körű kihasználásukat. Végül a dolgozat javaslatokat fogalmaz meg a fejlesztendő területekre. 
695 |a adótervezés 
695 |a állampapír 
695 |a egészségpénztár(ak) 
695 |a NYESZ 
695 |a nyugdíjbiztosítás 
695 |a önkéntes kölcsönös biztosítópénztárak 
695 |a önkéntes nyugdíjpénztárak 
695 |a önsegélyező pénztár 
695 |a TBSZ 
700 1 |a Tóth Orsolya Éva  |e ths 
856 4 0 |u http://dolgozattar.uni-bge.hu/60358/1/Aranyi_Benjamin_ALBCRE.pdf  |z Dokumentum-elérés 
856 4 0 |u http://dolgozattar.uni-bge.hu/60358/2/biralatilap_alap_Aranyi%20Benjamin.pdf  |z Dokumentum-elérés